000 00455nam a2200193 a 4500
001 1754899567899
003 ACL
005 20250811133835.0
008 250811s2018##################000#0#eng##
020 _a9789382974994
082 0 4 _a959
_bPPA
100 1 _aSingh, Pragya,
_eauthor.
245 1 0 _aHistory of South East Asia :
260 _c2018.
300 _a320 pages
650 0 _aSoutheast Asia.
942 _cENGLISH
040 _aACL
_beng
_cACL
999 _c580066
_d580066